[Event "Baunatal op 5th"]
[Site "Baunatal"]
[Date "1999.08.14"]
[Round "5"]
[White "Scherny, Sergey"]
[Black "Hild, Sebastian"]
[Result "0-1"]
[WhiteElo "960"]
[BlackElo "1774"]
[PlyCount "110"]
[EventDate "1999.08.??"]
[EventType "swiss"]
[EventRounds "7"]
[EventCountry "GER"]
[SourceTitle "EXT 2000"]
[Source "ChessBase"]
[SourceDate "1999.11.16"]
[SourceVersion "1"]
[SourceVersionDate "1999.11.16"]
[SourceQuality "1"]

1. c4 e5 2. Nc3 c6 3. g3 d5 4. e3 Be6 5. Qb3 Qb6 6. Qxb6 axb6 7. cxd5 cxd5 8. Bg2 Nf6 9. Nge2 Nc6 10. 0-0 h5 11. h4 Rg8 12. d4 e4 13. f3 g5 14. hxg5 Rxg5 15. fxe4 Nxe4 16. Nxe4 dxe4 17. Bxe4 Bc4 18. Bxc6+ bxc6 19. e4 Rg4 20. Rf2 Rxe4 21. Nf4 Bg7 22. Nxh5 Re1+ 23. Kh2 Bxd4 24. Nf6+ Bxf6 25. Rxf6 Bd5 26. Kh3 Ra4 27. Rf4 f5 28. Kh4 Be4 29. b3 Ra7 30. Bb2 Rxa1 31. Bxa1 Rxa2 32. Bd4 c5 33. Be5 Ra3 34. g4 Rxb3 35. gxf5 Bd5 36. f6 c4 37. Rd4 Be6 38. Rd6 Kf7 39. Rc6 b5 40. Rc7+ Kg6 41. Rg7+ Kf5 42. Rg5+ Ke4 43. Bg3 Rxg3 44. Rxg3 b4 45. Rg4+ Kf5 46. Kg3 Kxf6 47. Rf4+ Ke5 48. Kf3 Bd5+ 49. Ke3 b3 50. Rf2 c3 51. Kd3 c2 52. Re2+ Kf4 53. Rf2+ Kg3 54. Rf1 Bc4+ 55. Kxc4 b2 0-1

[Event "Baunatal op 5th"]
[Site "Baunatal"]
[Date "1999.08.14"]
[Round "4"]
[White "Weissbeck, Wolf Dieter"]
[Black "Scherny, Sergey"]
[Result "1-0"]
[WhiteElo "1766"]
[BlackElo "1354"]
[PlyCount "77"]
[EventDate "1999.08.??"]
[EventType "swiss"]
[EventRounds "7"]
[EventCountry "GER"]
[SourceTitle "EXT 2000"]
[Source "ChessBase"]
[SourceDate "1999.11.16"]
[SourceVersion "1"]
[SourceVersionDate "1999.11.16"]
[SourceQuality "1"]

1. f4 g6 2. e4 d6 3. d4 Bg7 4. Nf3 Nf6 5. Bd3 Nbd7 6. Be3 b6 7. c3 Bb7 8. Nbd2 a6 9. Qe2 b5 10. 0-0-0 c5 11. d5 Qa5 12. Bb1 Rc8 13. h3 Nh5 14. Nb3 Qa4 15. Qc2 b4 16. c4 Ng3 17. Rhe1 h5 18. h4 f5 19. Bf2 Nxe4 20. Rxe4 fxe4 21. Qxe4 Nf8 22. Ng5 Qd7 23. Re1 Bf6 24. g3 Rg8 25. Bc2 Rg7 26. Qf3 Kd8 27. f5 Bxg5+ 28. hxg5 Rf7 29. g4 hxg4 30. Qxg4 gxf5 31. Qg1 Ng6 32. Re6 Nf4 33. Qe1 Qa4 34. Nxc5 Qxa2 35. Nxb7+ Kd7 36. Nc5+ dxc5 37. Qe3 Ng2 38. Qe5 Qa1+ 39. Bb1 1-0